Engineering Chemistry (Record no. 136369)

000 -LEADER
fixed length control field 00267nam a2200109Ia 4500
008 - FIXED-LENGTH DATA ELEMENTS--GENERAL INFORMATION
fixed length control field 220120s9999||||xx |||||||||||||| ||und||
082 ## - DEWEY DECIMAL CLASSIFICATION NUMBER
Classification number 540 KAL
100 ## - MAIN ENTRY--PERSONAL NAME
Personal name Kalburgi, G S
9 (RLIN) 11440
245 #0 - TITLE STATEMENT
Title Engineering Chemistry
260 ## - PUBLICATION, DISTRIBUTION, ETC.
Name of publisher, distributor, etc. New Delhi
Date of publication, distribution, etc. 2003
300 ## - PHYSICAL DESCRIPTION
Extent 1206p.
Other physical details 0
Holdings
Withdrawn status Lost status Damaged status Not for loan Collection code Home library Current library Date acquired Barcode Date last seen Price effective from Koha item type
        Humanity Science Central Library Central Library 01/20/2022 GF228 01/20/2022 01/20/2022 Gift Books

Powered by Koha